A comparison of roughages for fattening steers in the South /

Bibliographic Details
Main Author: Ward, W. F. (William Francis)
Other Authors: Gray, Dan T., Lloyd, E. R. (Edward Read), 1867-
Format: Government Document Book
Language:English
Published: Washington, D.C. : U.S. Dept. of Agriculture, 1919.
Series:Bulletin (United States. Dept. of Agriculture) ; no. 762.
Subjects:

MARC

Tag First Indicator Second Indicator Subfields
LEADER 00000cam a2200000Ia 4500
001 in00002584021
005 20151201152955.0
008 870831s1919 dcuba f000 0 eng d
035 |a (OCoLC)ocm16618613 
035 |a (OCoLC)16618613 
040 |a RQF  |c RQF  |d AGL  |d OCLCQ  |d IUL  |d OCLCG  |d TXA  |d UtOrBLW 
043 |a n-usu-- 
049 |a TXAM 
070 0 |a 1  |b Ag84B no.762 
072 0 |a L500 
086 0 |a A 1.3:762 
090 |a S21  |b .A7 no. 762 
092 |a 630  |b Un3ab, no.762 
100 1 |a Ward, W. F.  |q (William Francis) 
245 1 2 |a A comparison of roughages for fattening steers in the South /  |c by W.F. Ward, Dan T. Gray and E.R. Lloyd. 
246 1 7 |a Comparison of roughages for fattening steers 
264 1 |a Washington, D.C. :  |b U.S. Dept. of Agriculture,  |c 1919. 
300 |a 36 pages :  |b illustrations, 1 map ;  |c 23 cm. 
336 |a text  |b txt  |2 rdacontent 
337 |a unmediated  |b n  |2 rdamedia 
338 |a volume  |b nc  |2 rdacarrier 
490 1 |a Bulletin / United States Department of Agriculture ;  |v no. 762 
500 |a Caption title. 
500 |a "March 12, 1919." 
650 0 |a Beef cattle  |x Feeding and feeds  |z Southern States. 
650 0 |a Feeds  |z Southern States. 
700 1 |a Gray, Dan T. 
700 1 |a Lloyd, E. R.  |q (Edward Read),  |d 1867- 
830 0 |a Bulletin (United States. Dept. of Agriculture) ;  |v no. 762. 
948 |a cataloged  |b h  |c 2010/7/15  |d c  |e hgolay  |f 4:17:24 pm 
994 |a C0  |b TXA 
999 |a MARS 
999 f f |s 6ebfd85a-3a91-359d-937a-a9d12c86fd4c  |i 07ba0c75-fad2-32f8-91ba-4d7e1af632aa  |t 0 
952 f f |p noncirc  |a Texas A&M University  |b College Station  |c Cushing Memorial Library & Archives  |d Cushing: Dykes (Does not check out)  |t 0  |e S21 .A7 no. 762  |h Library of Congress classification  |i unmediated -- volume 
998 f f |a S21 .A7 no. 762  |t 0  |l Cushing: Dykes (Does not check out)